Mobilita pracovnej sily v rámci Európskej únie – možnosti a bariéry
Flexibilita a mobilita pracovnej sily. Rast globálnej potreby pracovných síl. Významná úloha malých firiem pri vývoji lokálne viazanej zamestnanosti. Flexibilita na trhu práce. Investície do vzdelávania a zvyšovanie flexibility a mobility pracovnej sily. Závery a hospodársko-politické implikácie.
Enregistré dans:
| Auteur principal: | |
|---|---|
| Format: | Chapitre de livre |
| Langue: | slovaque |
| Sujets: | |
| Tags: |
Pas de tags, Soyez le premier à ajouter un tag!
|
MARC
| LEADER | 00000nla a2200000 4500 | ||
|---|---|---|---|
| 001 | 0225723 | ||
| 005 | 20240502073712.6 | ||
| 041 | 0 | |a slo | |
| 044 | |a SK | ||
| 245 | 1 | 0 | |a Mobilita pracovnej sily v rámci Európskej únie – možnosti a bariéry |c Marta Martincová |
| 520 | |a Flexibilita a mobilita pracovnej sily. Rast globálnej potreby pracovných síl. Významná úloha malých firiem pri vývoji lokálne viazanej zamestnanosti. Flexibilita na trhu práce. Investície do vzdelávania a zvyšovanie flexibility a mobility pracovnej sily. Závery a hospodársko-politické implikácie. | ||
| 610 | 2 | 0 | |a pohyb síl pracovných |
| 610 | 2 | 0 | |a pohyb síl pracovných medzinárodný |
| 610 | 2 | 0 | |a trh práce |
| 610 | 2 | 0 | |a sily pracovné |
| 610 | 2 | 0 | |a kapitál ľudský |
| 610 | 2 | 0 | |a flexibilita |
| 610 | 2 | 0 | |a flexikurita |
| 610 | 2 | 0 | |a Európska únia |
| 100 | 1 | |a Martincová, Marta, 1955- | |